FOOD AND BEVERAGE SERVICE & MANAGEMENT (Record no. 8060)

MARC details
000 -LEADER
fixed length control field 00379nam a22001577a 4500
020 ## - INTERNATIONAL STANDARD BOOK NUMBER
International Standard Book Number 13: 978- 817992-884-4
082 ## - DEWEY DECIMAL CLASSIFICATION NUMBER
Classification number 641.2
Item number GEO
100 ## - MAIN ENTRY--PERSONAL NAME
Personal name BOBBY,GEORGE
245 ## - TITLE STATEMENT
Title FOOD AND BEVERAGE SERVICE & MANAGEMENT
250 ## - EDITION STATEMENT
Edition statement 1ST
260 ## - PUBLICATION, DISTRIBUTION, ETC. (IMPRINT)
Place of publication, distribution, etc DELHI
Name of publisher, distributor, etc JAICO PUBLISHER
Year of Publication 2015
300 ## - PAGE DESCRIPTION
No. of Pages 648
650 ## - SUBJECT ADDED ENTRY--TOPICAL TERM
Topical term or geographic name as entry element FOOD & BEVERAGE
653 ## - KEYWORDS--INDEX TERM
Keyword term FOOD, BEVERAGE
942 ## - ADDED ENTRY ELEMENTS (KOHA)
Source of classification or shelving scheme Dewey Decimal Classification
Koha item type Books
942 ## - ADDED ENTRY ELEMENTS (KOHA)
-- 19
Holdings
Withdrawn status Lost status Source of classification or shelving scheme Damaged status Not for loan Collection code Home library Current library Shelving location Date acquired Vendor Name Cost, normal purchase price SGTU Bill Number Total Checkouts Full call number Accession No. (Barcode) Date last seen Date last borrowed Bill Date Koha item type
    Dewey Decimal Classification     HOTEL MANAGEMENT SGT Science & Social Sciences Library SGT Science & Social Sciences Library Text Book 10/10/2015 JINDAL BOOK SERVICE 499.00 SGTU 1775 15 641.2 GEO HM481 02/12/2022 16/11/2022 07/09/2015 Books
    Dewey Decimal Classification     HOTEL MANAGEMENT SGT Science & Social Sciences Library SGT Science & Social Sciences Library Text Book 10/10/2015 JINDAL BOOK SERVICE 499.00 SGTU 1775 10 641.2 GEO HM482 04/12/2018 01/12/2018 07/09/2015 Books
    Dewey Decimal Classification     HOTEL MANAGEMENT SGT Science & Social Sciences Library SGT Science & Social Sciences Library Text Book 10/10/2015 JINDAL BOOK SERVICE 499.00 SGTU 1775 14 641.2 GEO HM483 30/09/2023 28/08/2023 07/09/2015 Books
    Dewey Decimal Classification     HOTEL MANAGEMENT SGT Science & Social Sciences Library SGT Science & Social Sciences Library Text Book 10/10/2015 JINDAL BOOK SERVICE 499.00 SGTU 1775 10 641.2 GEO HM484 25/10/2023 16/10/2023 07/09/2015 Books
    Dewey Decimal Classification     HOTEL MANAGEMENT SGT Science & Social Sciences Library SGT Science & Social Sciences Library Text Book 10/10/2015 JINDAL BOOK SERVICE 499.00 SGTU 1775 16 641.2 GEO HM485 27/09/2023 15/09/2023 07/09/2015 Books